| 000 | 01153cam a2200253 i 4500 | ||
|---|---|---|---|
| 003 | SA-RiAUC | ||
| 005 | 20250602081103.0 | ||
| 008 | 250601q19001999le g 000 0 ara c | ||
| 040 |
_aSA-JeALM _bara _cSA-RiAUC _erda |
||
| 082 | 0 | 4 | _a414 |
| 090 |
_a414 _bا ب و ب |
||
| 100 | 1 |
_aأبو بكر الصولي، محمد بن يحيى بن عبد الله، _dتوفي 335 هجري _eمؤلف. |
|
| 245 | 1 | 0 |
_aأدب الكتاب / _cتأليف أبي بكر الصولي ؛ تصحيح وتعليق محمد بهجة الأثري. ونظر فيه علاة العراق السيد محمود شكري الآلوسي. |
| 264 | 1 |
_aبيروت : _bدار الباز للطباعة والنشر، _c[بين 1900 و1999] |
|
| 300 |
_a264 صفحة ؛ _c24 سم |
||
| 336 |
_aنص _btxt _2rdacontent _3كتاب |
||
| 337 |
_aبدون وسيط _bn _2rdamedia |
||
| 338 |
_aمجلد _bnc _2rdacarrier |
||
| 500 | _aاسم الناشر من الغلاف. | ||
| 650 | 7 |
_aالبلاغة العربية _2aucsh |
|
| 700 | 1 |
_aالأثري، محمد بهجت بن محمود، _d1902-1996 _eمصحح. |
|
| 942 |
_2ddc _cBOOK _n0 |
||
| 949 |
_aSA-JeALM _d250601 _uosman123 _n1 |
||
| 999 |
_c8633 _d8633 |
||